000 01305namaa2200313 i 4500
003 EG-GICUC
005 20260125105431.0
008 260125s1986 ua |||jr|||| 000 0 ara d
017 _a86 / 4318
_bدار الكتب والوثائق القومية (مصر)
020 _a9771540157
040 _aEG-GiCUC
_bara
_cEG-GiCUC
_dEG-GiCUC
_erda
082 0 4 _221
_a414
_bA871s
092 0 4 _221
_a414
_bA871s
099 _a414 A871s
100 1 _aالشيخ، عبد الواحد حسن
_eمؤلف.
245 1 _aدراسات فى البلاغة عند ضياء الدين بن الأثير /
_cدكتور عبد الواحد حسن الشيخ.
264 _aالاسكندرية(مصر) :
_bمؤسسة شباب الجامعة للطباعة والنشر والتوزيع،
_c1986.
300 _a279 صفحة ؛
_c24 سم
336 _2rdacontent
_atext
337 _2rdamedia
_aUnmediated
338 _2rdacarrier
_avolume
504 _aيشتمل على ارجاعات ببليوجرافية.
541 _aد. جابر عصفور ؛
_bالقاهرة ؛
_cإهداء ؛
_d2024.
600 1 0 _aابن الأثير، ضياء الدين نصر الله بن محمد،
_d 1163-1239
_93321
650 1 7 _aالبلاغة العربية
_2qrmak
651 1 _2qrmak
905 _aAya
942 _2ddc
_cBK
_e21
_n0
999 _c178004
_d178004